Normal view
MARC view
Entry Topical Term
001 - CONTROL NUMBER
- control field: 4599
003 - CONTROL NUMBER IDENTIFIER
- control field: BD-RjUL
005 - DATE AND TIME OF LATEST TRANSACTION
- control field: 20220901153413.0
008 - FIXED-LENGTH DATA ELEMENTS
- fixed length control field: 220901|| aca||aabn | a|a d
040 ## - CATALOGING SOURCE
- Original cataloging agency: BD-RjUL
- Transcribing agency: BD-RjUL
150 ## - HEADING--TOPICAL TERM
- Topical term or geographic name entry element: Coccinellidae
670 ## - SOURCE DATA FOUND
- Source citation: Work cat.: (BD-RjUL)80284: Rahman, A. S. M. Shafiqur 3723, Biology and Ecology of predaceous coccinellids with specal reference to their incidence in responce to aphid population and temperature /, 1984